| 000 | 00761cab a2200265 4500 | ||
|---|---|---|---|
| 001 | WB2923-47 | ||
| 008 | 090401t1993 xxu||||| |||| 00| 0 eng d | ||
| 035 | _a(Sirsi) u54450 | ||
| 041 | _aeng | ||
| 100 | _aPeto, Robert | ||
| 245 | _aValuing outside the UK | ||
| 260 | _c1993 | ||
| 350 | _a0 | ||
| 490 |
_aCSW - The Property Week _v43(12) 17 June 1993, 54(1) |
||
| 520 | _aDiscusses the guidelines for the conduct of valuations of properties outside the UK and who is permitted to undertake them. | ||
| 650 | _aASSET VALUATION | ||
| 650 | _aRICS APPRAISAL AND VALUATION MANUAL | ||
| 650 | _aSAVP NO 8 | ||
| 650 | _aTEGOVOFA | ||
| 650 | _aTIAVSC | ||
| 690 | _aOVERSEAS | ||
| 690 | _aRATING AND VALUATION | ||
| 942 | _n0 | ||
| 948 | _c04/03/1997 | ||
| 999 |
_c33375 _d33375 |
||